| 000 | 01705nam a22002177a 4500 | ||
|---|---|---|---|
| 999 |
_c56959 _d56959 |
||
| 003 | Ge_BSU | ||
| 005 | 20221221152659.0 | ||
| 008 | 190902s2019 ||||| |||| 00| 0 geo d | ||
| 041 | _ageo | ||
| 080 | _a338.22 ა-14 | ||
| 100 |
_aაბაშიძე,გიორგი. _93846 |
||
| 245 |
_aინტერნეტ რეკლამის განვითარების თავისებურებები და მისი გავლენა მომხმარებლის ქცევაზე. / _cირაკლი აბაშიძე , სამეცნ.ხელმძღ. გულიკო ქათამაძე . |
||
| 264 |
_aბათუმი : _bბათუმის შოთა რუსთაველის სახელმწიფო უნ-ტი , _c2019. |
||
| 300 |
_a195 გვ .: _c29 სმ. |
||
| 653 | _aინტერნეტ რეკლამის განვითარების თავისებურებები და მისი გავლენა მომხმარებლის ქცევაზე | ||
| 653 | _aეკონომიკა | ||
| 653 | _aდისერტაცია | ||
| 700 |
_aქათამაძე , გულიკო _eსამეცნიერო ხელმძღვანელი _92028 |
||
| 710 |
_eბათუმის შოთა რუსთაველის სახელმწიფო უნ-ტი ბიზნესის ადმინისტრირების მენეჯმენტისა და მარკეტინგის დარგობრივი დეპარტამენტი _93847 |
||
| 942 |
_2udc _cDS |
||